Corporativity: modern organizational communication; Проблемы геологии и освоения недр; Т. 2

Bibliografiske detaljer
Parent link:Проблемы геологии и освоения недр: труды XXI Международного симпозиума имени академика М. А. Усова студентов и молодых ученых, посвященного 130-летию со дня рождения профессора М. И. Кучина, Томск, 3-7 апреля 2017 г./ Национальный исследовательский Томский политехнический университет (ТПУ), Институт природных ресурсов (ИПР) ; под ред. А. С. Боева.— , 2017
Т. 2.— 2017.— [С. 1016-1017]
Hovedforfatter: Mikheev A. A.
Institution som forfatter: Национальный исследовательский Томский политехнический университет (ТПУ) Институт природных ресурсов (ИПР) Кафедра иностранных языков (ИЯПР)
Andre forfattere: Salikaeva O. V. (научный руководитель), Kovalenko N. S. Nadezhda Sergeevna
Summary:Заглавие с экрана
Sprog:engelsk
Udgivet: 2017
Serier:Проблемы межъязыковой профессиональной коммуникации в условиях глобализации
Fag:
Online adgang:http://earchive.tpu.ru/handle/11683/42380
Format: MixedMaterials Electronisk Book Chapter
KOHA link:https://koha.lib.tpu.ru/cgi-bin/koha/opac-detail.pl?biblionumber=623626

MARC

LEADER 00000naa2a2200000 4500
001 623626
005 20231101133255.0
035 |a (RuTPU)RU\TPU\conf\22626 
035 |a RU\TPU\conf\22622 
090 |a 623626 
100 |a 20170828d2017 k y0rusy50 ba 
101 0 |a eng 
102 |a RU 
105 |a y z 100zy 
135 |a drgn ---uucaa 
181 0 |a i  
182 0 |a b 
200 1 |a Corporativity: modern organizational communication  |f A. A. Mikheev, O. V. Salikaeva  |g sci. adv. N. S. Kovalenko 
203 |a Текст  |c электронный 
225 1 |a Проблемы межъязыковой профессиональной коммуникации в условиях глобализации 
230 |a 1 компьютерный файл (pdf; 348 Kb) 
300 |a Заглавие с экрана 
320 |a [Библиогр.: с. 1017 (7 назв.)] 
461 1 |0 (RuTPU)RU\TPU\conf\21932  |t Проблемы геологии и освоения недр  |o труды XXI Международного симпозиума имени академика М. А. Усова студентов и молодых ученых, посвященного 130-летию со дня рождения профессора М. И. Кучина, Томск, 3-7 апреля 2017 г.  |o в 2 т.  |f Национальный исследовательский Томский политехнический университет (ТПУ), Институт природных ресурсов (ИПР) ; под ред. А. С. Боева  |d 2017 
463 1 |0 (RuTPU)RU\TPU\conf\21938  |t Т. 2  |v [С. 1016-1017]  |d 2017 
610 1 |a труды учёных ТПУ 
610 1 |a электронный ресурс 
610 1 |a кооперативность 
610 1 |a общение 
610 1 |a коммуникации 
610 1 |a информационное пространство 
610 1 |a корпоративные связи 
610 1 |a корпоративная культура 
700 1 |a Mikheev  |b A. A. 
701 1 |a Salikaeva  |b O. V. 
702 1 |a Kovalenko  |b N. S.  |c linguist  |c Associate Professor of Tomsk Polytechnic University, Candidate of philological sciences  |f 1981-  |g Nadezhda Sergeevna  |2 stltpush  |4 727 
712 0 2 |a Национальный исследовательский Томский политехнический университет (ТПУ)  |b Институт природных ресурсов (ИПР)  |b Кафедра иностранных языков (ИЯПР)  |h 6735  |2 stltpush  |3 (RuTPU)RU\TPU\col\18662 
801 2 |a RU  |b 63413507  |c 20170905  |g RCR 
856 4 |u http://earchive.tpu.ru/handle/11683/42380 
942 |c BK